[Event "Florianopolis op 7th"]
[Site "Florianopolis"]
[Date "2021.01.21"]
[Round "6"]
[White "Da Silva, Jean Henrique da Ro"]
[Black "Nunes, Allan Hurba"]
[Result "1/2-1/2"]
[WhiteElo "1610"]
[BlackElo "1946"]
[PlyCount "57"]
[EventDate "2021.01.18"]
[EventType "swiss"]
[EventRounds "10"]
[EventCountry "BRA"]
[SourceTitle "CBM 200 Extra"]
[Source "ChessBase"]
[SourceDate "2021.03.31"]
[SourceVersion "1"]
[SourceVersionDate "2021.03.31"]
[SourceQuality "1"]

1. e4 c5 2. Nf3 Nc6 3. d4 cxd4 4. Nxd4 Nf6 5. Nc3 e5 6. Nf3 Bb4 7. Bd3 0-0 8. Be3 d6 9. h3 Be6 10. 0-0 a6 11. a3 Bc5 12. Bg5 Ne7 13. Qd2 Ng6 14. Nd5 Bxd5 15. exd5 h6 16. Bxg6 fxg6 17. Be3 Bxe3 18. Qxe3 Rf7 19. c4 Qd7 20. Rfd1 Qf5 21. c5 dxc5 22. Qxe5 Rd8 23. Rac1 b6 24. d6 Rfd7 25. b4 cxb4 26. Rc6 bxa3 27. Rxb6 Ne4 28. Rxa6 Qxe5 29. Nxe5 1/2-1/2

[Event "Florianopolis op 7th"]
[Site "Florianopolis"]
[Date "2021.01.20"]
[Round "4"]
[White "Sampaio, Andre Luiz"]
[Black "Nunes, Allan Hurba"]
[Result "1/2-1/2"]
[WhiteElo "1657"]
[BlackElo "1946"]
[PlyCount "33"]
[EventDate "2021.01.18"]
[EventType "swiss"]
[EventRounds "10"]
[EventCountry "BRA"]
[SourceTitle "CBM 200 Extra"]
[Source "ChessBase"]
[SourceDate "2021.03.31"]
[SourceVersion "1"]
[SourceVersionDate "2021.03.31"]
[SourceQuality "1"]

1. e4 c5 2. Nf3 Nc6 3. d4 cxd4 4. Nxd4 Nf6 5. Nc3 e5 6. Nxc6 bxc6 7. Bc4 Bb4 8. Bg5 Qa5 9. 0-0 Bxc3 10. bxc3 Qxc3 11. Bxf6 gxf6 12. Bb3 Ba6 13. Re1 Bc4 14. Qd6 Be6 15. Rad1 0-0-0 16. Re3 Qa5 17. Bxe6 1/2-1/2

[Event "Sao Paulo Karman Cup 2nd"]
[Site "Sao Paulo"]
[Date "2014.11.21"]
[Round "1"]
[White "Nunes, Allan Hurba"]
[Black "De Jesus Junior, Tobias Garcez"]
[Result "0-1"]
[WhiteElo "1982"]
[BlackElo "1726"]
[PlyCount "91"]
[EventDate "2014.11.21"]
[EventType "swiss"]
[EventRounds "6"]
[EventCountry "BRA"]
[SourceTitle "CBM 163 Extra"]
[Source "ChessBase"]
[SourceDate "2014.12.23"]
[SourceVersion "1"]
[SourceVersionDate "2014.12.23"]
[SourceQuality "1"]

1. d4 d5 2. c4 e5 3. dxe5 d4 4. Nf3 Nc6 5. Bg5 Be7 6. h4 Bf5 7. a3 Bxg5 8. hxg5 Nge7 9. Qa4 Ng6 10. Nbd2 0-0 11. Qb5 Re8 12. Qxb7 Ncxe5 13. Nxe5 Nxe5 14. 0-0-0 Qxg5 15. g3 Nxc4 16. f4 Qxg3 17. Nxc4 Qxf4+ 18. e3 dxe3 19. Be2 Be4 20. Qb5 Bxh1 21. Rxh1 c6 22. Qh5 h6 23. Rh4 Qg5 24. Qxg5 hxg5 25. Rh3 g6 26. b4 g4 27. Rxe3 g3 28. Bf3 Rxe3 29. Nxe3 Re8 30. Kd2 Rd8+ 31. Kc3 f5 32. a4 f4 33. Ng2 g5 34. Kc2 Kg7 35. Ne1 Kf6 36. Bxc6 g4 37. b5 f3 38. Nxf3 gxf3 39. Bxf3 Rd4 40. a5 Rf4 41. b6 axb6 42. axb6 g2 43. Bxg2 Rf2+ 44. Kc3 Rxg2 45. Kc4 Ke6 46. b7 0-1

[Event "Americana Region-ch 6th"]
[Site "Americana"]
[Date "2014.06.22"]
[Round "6.9"]
[White "Nikolic, Jovane"]
[Black "Nunes, Allan Hurba"]
[Result "0-1"]
[WhiteElo "1763"]
[BlackElo "2003"]
[PlyCount "98"]
[EventDate "2014.05.30"]
[EventType "swiss"]
[EventRounds "6"]
[EventCountry "BRA"]
[SourceTitle "EXT 2022"]
[Source "ChessBase"]
[SourceDate "2021.10.06"]
[SourceVersion "1"]
[SourceVersionDate "2021.10.06"]
[SourceQuality "1"]

1. b4 e6 2. Bb2 Nf6 3. b5 c6 4. a4 a6 5. c4 axb5 6. axb5 Rxa1 7. Bxa1 cxb5 8. cxb5 Qa5 9. Nc3 d5 10. e3 Nbd7 11. Nf3 Nc5 12. Be2 Bd6 13. 0-0 Bd7 14. d4 Nce4 15. Qb3 0-0 16. Bb2 Ra8 17. Bd3 Qb4 18. Qc2 Rc8 19. Rc1 Nxc3 20. Bxc3 Qa3 21. Qb2 Ne4 22. Bxe4 dxe4 23. Nd2 f5 24. b6 Be7 25. g4 Qxb2 26. Bxb2 Rxc1+ 27. Bxc1 Bd8 28. Nc4 Bc6 29. gxf5 exf5 30. Ba3 Bd5 31. Nd6 Bxb6 32. Nxf5 Kf7 33. Ne7 Ke6 34. Nxd5 Kxd5 35. Kg2 Ba5 36. f3 Bc3 37. Kf2 b5 38. fxe4+ Kxe4 39. Bc5 Kd3 40. d5 b4 41. d6 b3 42. d7 Ba5 43. Bd4 g5 44. Kf3 Kc2 45. e4 b2 46. Bxb2 Kxb2 47. e5 Kc3 48. Ke4 Kc4 49. e6 Bd8 0-1

[Event "Americana Region-ch 6th"]
[Site "Americana"]
[Date "2014.06.20"]
[Round "1.5"]
[White "Nunes, Allan Hurba"]
[Black "Marino, Felipe Gabriel"]
[Result "0-1"]
[WhiteElo "2008"]
[BlackElo "1673"]
[PlyCount "58"]
[EventDate "2014.05.30"]
[EventType "swiss"]
[EventRounds "6"]
[EventCountry "BRA"]
[SourceTitle "EXT 2022"]
[Source "ChessBase"]
[SourceDate "2021.10.06"]
[SourceVersion "1"]
[SourceVersionDate "2021.10.06"]
[SourceQuality "1"]

1. d4 d5 2. c4 c6 3. Nf3 Nf6 4. e3 e6 5. Bd3 Be7 6. Nbd2 Nbd7 7. 0-0 0-0 8. e4 dxe4 9. Nxe4 c5 10. Qc2 Nxe4 11. Bxe4 f5 12. Bd3 cxd4 13. Re1 Nc5 14. Bf4 Nxd3 15. Qxd3 Qb6 16. Qxd4 Bc5 17. Qd2 Bb4 18. Qc2 Bxe1 19. Rxe1 Qa5 20. Bd6 Re8 21. b4 Qd8 22. c5 Qf6 23. Ne5 Rd8 24. Bc7 Rd4 25. Qa4 Qe7 26. Bd6 Qd8 27. Nc6 bxc6 28. Qxc6 Bd7 29. Qb7 Qc8 0-1

[Event "Nova Odessa op"]
[Site "Nova Odessa"]
[Date "2014.05.30"]
[Round "1"]
[White "Nunes, Allan Hurba"]
[Black "Nunes, Adilson"]
[Result "1-0"]
[WhiteElo "2008"]
[BlackElo "1766"]
[PlyCount "57"]
[EventDate "2014.05.30"]
[EventType "swiss"]
[EventRounds "6"]
[EventCountry "BRA"]
[SourceTitle "CBM 160 Extra"]
[Source "ChessBase"]
[SourceDate "2014.07.01"]
[SourceVersion "1"]
[SourceVersionDate "2014.07.01"]
[SourceQuality "1"]

1. d4 d5 2. c4 e6 3. Nc3 c6 4. e4 Bb4 5. e5 Ne7 6. a3 Bxc3+ 7. bxc3 Qa5 8. Bd2 c5 9. Qg4 Ng6 10. cxd5 cxd4 11. c4 Qd8 12. Qe4 exd5 13. cxd5 0-0 14. f4 Re8 15. Bd3 h6 16. Nf3 f5 17. Qxd4 Nh4 18. 0-0 Nxf3+ 19. Rxf3 Nc6 20. Qc4 Na5 21. Bxa5 Qxa5 22. Qb5 Qd8 23. e6 a6 24. Qb3 b5 25. Rd1 Qf6 26. Bb1 Bb7 27. Qc3 Qxc3 28. Rxc3 Rad8 29. d6 1-0

[Event "Bairro op"]
[Site "Bairro Buritizal"]
[Date "2014.04.12"]
[Round "4"]
[White "Casarin, Luis Marcio Pinhatt"]
[Black "Nunes, Allan Hurba"]
[Result "0-1"]
[WhiteElo "1856"]
[BlackElo "2028"]
[PlyCount "70"]
[EventDate "2014.04.11"]
[EventType "swiss"]
[EventRounds "6"]
[EventCountry "BRA"]
[SourceTitle "CBM 160 Extra"]
[Source "ChessBase"]
[SourceDate "2014.07.01"]
[SourceVersion "1"]
[SourceVersionDate "2014.07.01"]
[SourceQuality "1"]

1. c4 f5 2. Nf3 Nf6 3. Nc3 d6 4. g3 g6 5. Bg2 e5 6. d3 Bg7 7. 0-0 0-0 8. Qb3 Nc6 9. a3 Rb8 10. c5+ d5 11. Ng5 Nd4 12. Bxd5+ Nxd5 13. Qxd5+ Qxd5 14. Nxd5 Nxe2+ 15. Kg2 Nxc1 16. Raxc1 c6 17. Ne7+ Kh8 18. Nxc8 Rbxc8 19. Ne6 Rfe8 20. Nxg7 Kxg7 21. Kf3 Rcd8 22. Rc3 Rd5 23. b4 g5 24. h3 Red8 25. Ke3 f4+ 26. Ke2 Kf6 27. g4 a6 28. Rb1 Rd4 29. Rbb3 h5 30. Kf3 hxg4+ 31. hxg4 Rh8 32. Kg2 Rh4 33. Kf3 Rh2 34. a4 e4+ 35. dxe4 Rd2 0-1

[Event "Sao Paulo op-B U2050"]
[Site "Sao Paulo"]
[Date "2014.04.04"]
[Round "2"]
[White "Nunes, Allan Hurba"]
[Black "Da Silva, Camila Evaristo"]
[Result "1-0"]
[WhiteElo "2028"]
[BlackElo "1618"]
[PlyCount "111"]
[EventDate "2014.04.03"]
[EventType "swiss"]
[EventRounds "6"]
[EventCountry "BRA"]
[SourceTitle "CBM 159 Extra"]
[Source "ChessBase"]
[SourceDate "2014.04.24"]
[SourceVersion "1"]
[SourceVersionDate "2014.04.24"]
[SourceQuality "1"]

1. d4 d5 2. c4 e6 3. Nc3 Be7 4. cxd5 exd5 5. Qc2 Nf6 6. Bg5 g6 7. e3 Bf5 8. Qb3 b6 9. Bxf6 Bxf6 10. Qxd5 c6 11. Qxd8+ Bxd8 12. Nf3 0-0 13. Bc4 a5 14. Rc1 b5 15. Be2 Re8 16. 0-0 f6 17. Rfd1 Bc8 18. Nxb5 Be6 19. Nd6 Re7 20. Bc4 Bc7 21. Bxe6+ Rxe6 22. Nb7 Na6 23. Nc5 Nxc5 24. dxc5 Ree8 25. Nd4 Be5 26. b3 Rac8 27. Kf1 Bb8 28. Rc4 Rcd8 29. Ke2 Rc8 30. Nf3 Re7 31. g3 Kf7 32. Rd3 Ba7 33. Kd2 Rce8 34. Rd6 Re6 35. Rxe6 Kxe6 36. a3 Kd5 37. Ra4 Kxc5 38. Rxa5+ Kb6 39. Ra4 Kb7 40. Nd4 c5 41. Nb5 Rd8+ 42. Kc2 Bb6 43. Re4 Kc6 44. a4 Ba5 45. Re6+ Kb7 46. Nd6+ Kc7 47. Nc4 Bb4 48. Rxf6 Kb8 49. Rd6 Rf8 50. f4 g5 51. Ne5 Kc7 52. Rd7+ Kc8 53. Ra7 gxf4 54. Ra8+ Kc7 55. Rxf8 fxe3 56. Re8 1-0

[Event "Americana Paulista op"]
[Site "Americana"]
[Date "2013.09.20"]
[Round "1"]
[White "Martinatti, Vinicius Cardoso"]
[Black "Nunes, Allan Hurba"]
[Result "0-1"]
[WhiteElo "1800"]
[BlackElo "2023"]
[PlyCount "56"]
[EventDate "2013.09.20"]
[EventType "swiss"]
[EventRounds "6"]
[EventCountry "BRA"]
[SourceTitle "CBM 156 Extra"]
[Source "ChessBase"]
[SourceDate "2013.10.22"]
[SourceVersion "1"]
[SourceVersionDate "2013.10.22"]
[SourceQuality "1"]

1. d4 f5 2. c4 Nf6 3. Nc3 g6 4. Nf3 Bg7 5. Bf4 0-0 6. e3 d6 7. Be2 Nh5 8. Bg5 h6 9. Bh4 Nd7 10. Qb3 Kh8 11. Nd2 c6 12. Bxh5 gxh5 13. Ne2 Qe8 14. Nf4 e5 15. dxe5 dxe5 16. Nd3 b6 17. 0-0 Qg6 18. Qd1 Rg8 19. f4 e4 20. Ne1 Bxb2 21. Rb1 Bc3 22. Rb3 Ba5 23. Qa1+ Kh7 24. Qb2 Nc5 25. Ra3 Nd3 26. Rxd3 exd3 27. Rf2 Qg4 28. Ndf3 Bxe1 0-1

[Event "Pindamonhangaba op"]
[Site "Pindamonhangaba"]
[Date "2011.07.15"]
[Round "2"]
[White "Nunes, Allan Hurba"]
[Black "Quintiliano Pinto, Renato Rodrigues"]
[Result "0-1"]
[WhiteElo "2019"]
[BlackElo "2252"]
[PlyCount "44"]
[EventDate "2011.07.15"]
[EventType "swiss"]
[EventRounds "5"]
[EventCountry "BRA"]
[SourceTitle "EXT 2014"]
[Source "ChessBase"]
[SourceDate "2013.11.20"]
[SourceVersion "1"]
[SourceVersionDate "2013.11.20"]
[SourceQuality "1"]

1. e4 c5 2. Nf3 d6 3. d4 cxd4 4. Qxd4 Bd7 5. c4 Nc6 6. Qd2 g6 7. b3 Bg7 8. Bb2 Nf6 9. Nc3 0-0 10. Bd3 Bg4 11. 0-0 Bxf3 12. gxf3 Qa5 13. Be2 Qh5 14. Bc1 Qh3 15. Rb1 Nh5 16. Nd5 e6 17. Nf4 Nxf4 18. Qxf4 Nd4 19. Qe3 Be5 20. f4 Qxe3 21. fxe3 Nxe2+ 22. Kg2 Bg7 0-1

[Event "Sao Paulo Braga op"]
[Site "Sao Paulo"]
[Date "2011.04.23"]
[Round "7"]
[White "Maia, Luciano Malta"]
[Black "Nunes, Allan Hurba"]
[Result "1-0"]
[WhiteElo "2296"]
[BlackElo "2017"]
[PlyCount "61"]
[EventDate "2011.04.20"]
[EventType "swiss"]
[EventRounds "9"]
[EventCountry "BRA"]
[SourceTitle "EXT 2022"]
[Source "ChessBase"]
[SourceDate "2021.10.06"]
[SourceVersion "1"]
[SourceVersionDate "2021.10.06"]
[SourceQuality "1"]

1. c4 f5 2. g3 Nf6 3. Bg2 c6 4. Nf3 e6 5. 0-0 d5 6. d4 Bd6 7. Nc3 0-0 8. Qc2 Nbd7 9. cxd5 cxd5 10. Nb5 Bb8 11. Bf4 Bxf4 12. gxf4 Nb6 13. Ne5 Bd7 14. Qb3 Bxb5 15. Qxb5 Qd6 16. Rfc1 Rfc8 17. a4 a6 18. Qb3 Rc7 19. Rxc7 Qxc7 20. Nd3 Nfd7 21. Rc1 Nc4 22. Qb4 Qb8 23. b3 Nd6 24. Ne5 Nxe5 25. dxe5 Ne4 26. Qb6 Qe8 27. f3 Rc8 28. Rxc8 Qxc8 29. fxe4 Qc1+ 30. Bf1 Qxf4 31. Qxe6+ 1-0

[Event "Sao Paulo Braga op"]
[Site "Sao Paulo"]
[Date "2011.04.23"]
[Round "6"]
[White "Nunes, Allan Hurba"]
[Black "Lisboa Torres, Eduardo"]
[Result "1-0"]
[WhiteElo "2017"]
[BlackElo "1838"]
[PlyCount "45"]
[EventDate "2011.04.20"]
[EventType "swiss"]
[EventRounds "9"]
[EventCountry "BRA"]
[SourceTitle "CBM 141 Extra"]
[Source "ChessBase"]
[SourceDate "2011.05.03"]
[SourceVersion "1"]
[SourceVersionDate "2011.05.03"]
[SourceQuality "1"]

1. d4 d5 2. c4 c6 3. Nf3 Nf6 4. e3 e6 5. Bd3 dxc4 6. Bxc4 b5 7. Bd3 a6 8. e4 Nbd7 9. Bg5 h6 10. Bh4 Qa5+ 11. Nbd2 Bb7 12. 0-0 Be7 13. e5 Nd5 14. Bxe7 Nxe7 15. Ne4 Nc8 16. Re1 Qb6 17. Rc1 a5 18. Bb1 b4 19. Nh4 Ke7 20. Qg4 Rg8 21. Nc5 a4 22. Bh7 Na7 23. Ng6+ 1-0

[Event "Sao Paulo Braga op"]
[Site "Sao Paulo"]
[Date "2011.04.22"]
[Round "4"]
[White "Nunes, Allan Hurba"]
[Black "Madeira, Wagner Martins"]
[Result "1/2-1/2"]
[WhiteElo "2017"]
[BlackElo "2212"]
[PlyCount "71"]
[EventDate "2011.04.20"]
[EventType "swiss"]
[EventRounds "9"]
[EventCountry "BRA"]
[SourceTitle "CBM 141 Extra"]
[Source "ChessBase"]
[SourceDate "2011.05.03"]
[SourceVersion "1"]
[SourceVersionDate "2011.05.03"]
[SourceQuality "1"]

1. d4 Nf6 2. c4 g6 3. Nc3 Bg7 4. e4 0-0 5. Nf3 d6 6. Be2 e5 7. 0-0 Nc6 8. d5 Ne7 9. Ne1 Nd7 10. Be3 f5 11. f3 Nf6 12. Rc1 b6 13. b4 f4 14. Bf2 g5 15. c5 bxc5 16. bxc5 Ng6 17. Qa4 g4 18. cxd6 cxd6 19. Qc6 Rb8 20. Bxa7 Rb7 21. Bf2 g3 22. hxg3 fxg3 23. Bxg3 Bh6 24. Rc2 Nf4 25. Nb5 Rb6 26. Qc4 Ba6 27. a4 Qd7 28. Bxf4 Bxf4 29. Qc7 Be3+ 30. Kh1 Qe8 31. g4 Qg6 32. Bd3 Rc8 33. Qe7 Re8 34. Qc7 Rc8 35. Qe7 Re8 36. Qc7 1/2-1/2

[Event "Sao Paulo Hebraica 09th A"]
[Site "Sao Paulo"]
[Date "2011.01.09"]
[Round "3.1"]
[White "Nunes, Allan Hurba"]
[Black "Da Silva Junior, Sediney Mari"]
[Result "1-0"]
[WhiteElo "2048"]
[BlackElo "1962"]
[PlyCount "105"]
[EventDate "2011.01.08"]
[EventType "tourn"]
[EventRounds "9"]
[EventCountry "BRA"]
[SourceTitle "EXT 2022"]
[Source "ChessBase"]
[SourceDate "2021.10.06"]
[SourceVersion "1"]
[SourceVersionDate "2021.10.06"]
[SourceQuality "1"]

1. d4 Nf6 2. c4 e6 3. Nc3 Bb4 4. a3 Bxc3+ 5. bxc3 c5 6. e3 0-0 7. Bd3 Nc6 8. Ne2 b6 9. 0-0 Ba6 10. Ng3 Na5 11. Qe2 Rc8 12. d5 Ne8 13. e4 Nd6 14. e5 Ndxc4 15. Qh5 g6 16. Qh6 f5 17. Bg5 Qe8 18. Bf6 Rxf6 19. exf6 Qf8 20. Qg5 Kf7 21. Rfe1 e5 22. Rxe5 Nxe5 23. Bxa6 Re8 24. Bb5 Nb7 25. f4 Nd6 26. fxe5 Nxb5 27. c4 Nd4 28. Re1 Nc2 29. Re2 Nd4 30. Re1 Nc2 31. Re2 Nd4 32. Re3 Nc2 33. Rc3 Nd4 34. Qh4 h6 35. Re3 Nc2 36. Nxf5 h5 37. Nd6+ Qxd6 38. exd6 Nxe3 39. Qf4 Ng4 40. Kf1 Ne3+ 41. Kf2 Ng4+ 42. Kg3 Re3+ 43. Kh4 Re5 44. Qd2 Nxf6 45. Qf2 Rf5 46. Qe2 Rf4+ 47. Kg3 Re4 48. Qc2 Re3+ 49. Kf4 Re4+ 50. Kf3 Re5 51. h3 Re4 52. Qa4 Nxd5 53. Qxd7+ 1-0

[Event "Sao Paulo Sudeste op"]
[Site "Sao Paulo"]
[Date "2011.??.??"]
[Round "5"]
[White "Feliciano Ebert, Vanessa"]
[Black "Nunes, Allan Hurba"]
[Result "1-0"]
[WhiteElo "2173"]
[BlackElo "2021"]
[PlyCount "75"]
[EventDate "2011.09.22"]
[EventType "swiss"]
[EventRounds "7"]
[EventCountry "BRA"]
[SourceTitle "CBM 144 Extra"]
[Source "ChessBase"]
[SourceDate "2011.10.28"]
[SourceVersion "1"]
[SourceVersionDate "2011.10.28"]
[SourceQuality "1"]

1. e4 e6 2. d4 d5 3. Nc3 Nf6 4. e5 Nfd7 5. f4 c5 6. Nf3 Nc6 7. Be3 cxd4 8. Nxd4 Bc5 9. Qd2 a6 10. 0-0-0 Nxd4 11. Bxd4 b5 12. Kb1 0-0 13. Bxc5 Nxc5 14. Bd3 b4 15. Ne2 a5 16. Qe3 Qb6 17. Nd4 Nxd3 18. Qxd3 Ba6 19. Qg3 f5 20. Qf3 Rac8 21. Rd2 g6 22. Qf2 a4 23. h3 a3 24. b3 Rfe8 25. g4 Qc5 26. Qg3 Qc3 27. Qxc3 Rxc3 28. gxf5 gxf5 29. Rg2+ Kh8 30. Rhg1 Rcc8 31. Rg7 Rb8 32. Kc1 Bf1 33. Ra7 Bxh3 34. Rh1 Rg8 35. Rxh3 Rg1+ 36. Kd2 Ra1 37. Rhxh7+ Kg8 38. Rag7+ 1-0

[Event "Sao Paulo Sudeste op"]
[Site "Sao Paulo"]
[Date "2011.??.??"]
[Round "4"]
[White "Nunes, Allan Hurba"]
[Black "Aoyama, Edmundo"]
[Result "1-0"]
[WhiteElo "2021"]
[BlackElo "1925"]
[PlyCount "89"]
[EventDate "2011.09.22"]
[EventType "swiss"]
[EventRounds "7"]
[EventCountry "BRA"]
[SourceTitle "CBM 144 Extra"]
[Source "ChessBase"]
[SourceDate "2011.10.28"]
[SourceVersion "1"]
[SourceVersionDate "2011.10.28"]
[SourceQuality "1"]

1. d4 d6 2. Nf3 g6 3. c4 Bg7 4. e4 Nd7 5. Nc3 c5 6. Be2 cxd4 7. Nxd4 Ngf6 8. Be3 0-0 9. 0-0 Nc5 10. f3 b6 11. b4 Ne6 12. Nd5 Bb7 13. Rc1 Qd7 14. Qd3 Rfc8 15. Nb5 Ba6 16. a4 Ne8 17. Nxa7 Qxa7 18. Nxb6 Qb8 19. a5 Rc7 20. Nxa8 Qxa8 21. Bb6 Rd7 22. Bd1 N8c7 23. Ba4 Rd8 24. b5 Bb7 25. a6 Bxa6 26. bxa6 Qxa6 27. Bxc7 Qa7+ 28. Kh1 Qxc7 29. Qd5 Qa7 30. Bc6 Rb8 31. f4 Bh6 32. g3 Qe3 33. Rce1 Qc3 34. Bb5 Bg7 35. f5 Nc7 36. Qc6 Qa5 37. fxg6 hxg6 38. Qd7 Bf6 39. Bc6 Rb2 40. Rb1 Rc2 41. Rb8+ Kg7 42. Qc8 Rxh2+ 43. Kxh2 Qd2+ 44. Kh1 Qh6+ 45. Kg2 1-0

[Event "Sao Paulo Sudeste op"]
[Site "Sao Paulo"]
[Date "2011.??.??"]
[Round "6"]
[White "Nunes, Allan Hurba"]
[Black "Rezende, Guilherme Vilela"]
[Result "1-0"]
[WhiteElo "2021"]
[BlackElo "2060"]
[PlyCount "67"]
[EventDate "2011.09.22"]
[EventType "swiss"]
[EventRounds "7"]
[EventCountry "BRA"]
[SourceTitle "CBM 144 Extra"]
[Source "ChessBase"]
[SourceDate "2011.10.28"]
[SourceVersion "1"]
[SourceVersionDate "2011.10.28"]
[SourceQuality "1"]

1. d4 Nf6 2. c4 e6 3. Nc3 Bb4 4. a3 Bxc3+ 5. bxc3 b6 6. f3 d5 7. Bg5 0-0 8. e3 Ba6 9. cxd5 Bxf1 10. Kxf1 exd5 11. Qd3 Re8 12. Ne2 h6 13. Bxf6 Qxf6 14. Kf2 c5 15. dxc5 Nd7 16. cxb6 Nxb6 17. Qd4 Qf5 18. g4 Qg6 19. Nf4 Qc2+ 20. Kg3 Rac8 21. Rhc1 Qb2 22. Nh5 f6 23. Qd3 Kf7 24. a4 Qb3 25. a5 Nd7 26. Rcb1 Qc4 27. Qxc4 Rxc4 28. Rb7 Re7 29. Rxa7 Rxc3 30. Nf4 Rc5 31. Rd1 Ne5 32. Rxe7+ Kxe7 33. Rxd5 Rc3 34. Rxe5+ 1-0

[Event "Sao Paulo Hiper 2"]
[Site "Sao Paulo"]
[Date "2009.12.19"]
[Round "11.1"]
[White "Nunes, Allan Hurba"]
[Black "Costa, Giovanni de Almeida"]
[Result "1/2-1/2"]
[WhiteElo "2040"]
[BlackElo "1930"]
[PlyCount "117"]
[EventDate "2009.12.07"]
[EventType "tourn"]
[EventRounds "10"]
[EventCountry "BRA"]
[SourceTitle "EXT 2022"]
[Source "ChessBase"]
[SourceDate "2021.10.06"]
[SourceVersion "1"]
[SourceVersionDate "2021.10.06"]
[SourceQuality "1"]

1. d4 Nf6 2. c4 g6 3. Nc3 d5 4. Nf3 Bg7 5. Bg5 c6 6. cxd5 Nxd5 7. Qc2 0-0 8. e4 Nb6 9. Rd1 Qc7 10. Be2 Bg4 11. h3 Bxf3 12. Bxf3 e6 13. 0-0 N8d7 14. Qb3 Nf6 15. Rc1 Qd7 16. Rfd1 h6 17. Be3 Rfd8 18. a4 Qe7 19. a5 Nc8 20. Qa4 Nd7 21. b4 Nd6 22. Qb3 a6 23. Na4 Nb5 24. Rc4 Nd6 25. Rc2 Kh7 26. Nc5 Nxc5 27. Rxc5 Bf8 28. d5 exd5 29. exd5 Nf5 30. dxc6 Rxd1+ 31. Bxd1 bxc6 32. Rxc6 Nxe3 33. fxe3 Rb8 34. Rb6 Rd8 35. Bf3 Kg8 36. Rxg6+ Bg7 37. Rxa6 Qe5 38. Rb6 Qa1+ 39. Kh2 Be5+ 40. g3 Rd2+ 41. Bg2 Qf1 42. Qd5 Bxg3+ 43. Kxg3 Qf2+ 44. Kg4 Rxd5 45. Bxd5 Qxe3 46. Bc6 Kg7 47. h4 Qd4+ 48. Kg3 h5 49. Bf3 Qg1+ 50. Kf4 Qd4+ 51. Kg3 Qe5+ 52. Kg2 Qb2+ 53. Kh3 Qc3 54. Kg2 Qd2+ 55. Kg3 Qe3 56. Rb7 Qe5+ 57. Kg2 Qb2+ 58. Kh3 Qc3 59. Kg3 1/2-1/2

[Event "Sao Paulo Hiper 2"]
[Site "Sao Paulo"]
[Date "2009.12.14"]
[Round "6.2"]
[White "Rodrigues, Bruno Morado"]
[Black "Nunes, Allan Hurba"]
[Result "1-0"]
[WhiteElo "2021"]
[BlackElo "2040"]
[PlyCount "67"]
[EventDate "2009.12.07"]
[EventType "tourn"]
[EventRounds "10"]
[EventCountry "BRA"]
[SourceTitle "EXT 2022"]
[Source "ChessBase"]
[SourceDate "2021.10.06"]
[SourceVersion "1"]
[SourceVersionDate "2021.10.06"]
[SourceQuality "1"]

1. e4 g6 2. d4 Bg7 3. c4 d6 4. Nc3 Nd7 5. f4 c6 6. Nf3 Qa5 7. Bd2 Qc7 8. Bd3 e5 9. dxe5 dxe5 10. f5 Ngf6 11. 0-0 Qb6+ 12. Kh1 Qxb2 13. Rb1 Qa3 14. Nb5 cxb5 15. Bb4 Qa6 16. cxb5 Qb6 17. Bc4 Bf8 18. Bxf7+ Kxf7 19. Qb3+ Kg7 20. Ng5 Bxb4 21. Ne6+ Kh6 22. Qh3+ Nh5 23. g4 Bd2 24. gxh5 Qe3 25. Rf3 Qxf3+ 26. Qxf3 g5 27. Rd1 Bf4 28. Rd6 Nf6 29. Nxf4 gxf4 30. Rxf6+ Kg7 31. Rd6 Rf8 32. h6+ Kf7 33. Qb3+ Ke7 34. Qd5 1-0